Drainage principles and applications : ILRI Publication 16

The main characteristic of this series is that the books are "practical" in the sense that they can be used in the day-to-day work of those professionals (mostly engineers) who are involved in irrigation and drainage.

Enregistré dans:
Détails bibliographiques
Format: Livre
Langue:Undetermined
Publié: Wageningen, Netherlands International Institute for Land Reclamation and Improvement (ILRI) 2006
Sujets:
Tags: Ajouter un tag
Pas de tags, Soyez le premier à ajouter un tag!
Thư viện lưu trữ: Trung tâm Học liệu Trường Đại học Cần Thơ
LEADER 00870nam a2200205Ia 4500
001 CTU_158356
008 210402s9999 xx 000 0 und d
082 |a 627.5 
082 |b D759 
245 0 |a Drainage principles and applications : 
245 0 |b ILRI Publication 16 
245 0 |c Edited by H. P. Ritzema 
260 |a Wageningen, Netherlands 
260 |b International Institute for Land Reclamation and Improvement (ILRI) 
260 |c 2006 
520 |a The main characteristic of this series is that the books are "practical" in the sense that they can be used in the day-to-day work of those professionals (mostly engineers) who are involved in irrigation and drainage. 
650 |a Land drainage,Subsurface drainage 
650 |x Tiêu nước bề mặt 
904 |i Trọng Hiếu 
980 |a Trung tâm Học liệu Trường Đại học Cần Thơ